000 00810cam a2200265 a 4500
001 000003384
003 DO-SdBNP
005 20220808111600.0
007 ta
008 950503s1998 ck 000 1 spa
020 _a0789903733
040 _aDO-SdBNP
_cBNPHU
_bspa
082 4 _a813.54
_bL183d
_222
100 1 _aLaHaye, Tim F.
_910555
245 1 0 _aDejados atrás :
_bUna novela de los postreros de la Tierra /
_cTim LaHaye, Jerry B. Jenkins ; tradución Nellyda Pablovsky.
260 _aMiami, Fl. :
_bUnilit,
_c1998.
300 _a343 p. ;
_c23 cm.
590 _aInventariado, 2022 / DG
650 4 _aNovela estadounidense
_9262
650 4 _aLiteratura estadounidense
_9263
700 1 _aJenkins, Jerry B.
_910556
700 1 _aPablovsky, Nellyda,
_etr.
_910557
910 _aDG
942 _2ddc
_cLBS1
999 _c3214
_d3214